000 00474nam a22001697a 4500
003 NUST - PNEC
005 20170116181128.0
008 151006b xxu||||| |||| 00| 0 eng d
020 _a0387989455
040 _cLIBRARY
082 _a629.8312 DUL
100 _913828
_aDullerud, G.E.
245 _aA course in robust control theory : a convex approach
_cG.E. Dullerud
260 _cc.2000.
650 _913833
_aRodust control theory
_xME, MS Control
942 _2ddc
_cBK
999 _c69857
_d69857